[Event "Troisdorf op"]
[Site "Troisdorf"]
[Date "2001.11.20"]
[Round "5"]
[White "Kurnosov, Sergei"]
[Black "Eberz, Gisbert"]
[Result "1-0"]
[WhiteElo "1725"]
[BlackElo "1900"]
[PlyCount "73"]
[EventDate "2001.10.??"]
[EventType "swiss"]
[EventRounds "7"]
[EventCountry "GER"]
[SourceTitle "EXT 2005"]
[Source "ChessBase"]
[SourceDate "2004.11.15"]
[SourceVersion "1"]
[SourceVersionDate "2004.11.15"]
[SourceQuality "1"]

1. e4 d5 2. exd5 Qxd5 3. Nc3 Qd6 4. d4 Nf6 5. Nf3 a6 6. h3 Nbd7 7. Bc4 b5 8. Bb3 Bb7 9. 0-0 e6 10. Bg5 Rd8 11. Re1 Be7 12. Qe2 h6 13. Bxf6 Nxf6 14. Rad1 0-0 15. d5 e5 16. Nxe5 Rfe8 17. Qf3 b4 18. Nc4 Qc5 19. Na4 Qb5 20. Ne3 Bf8 21. c4 bxc3 22. Nxc3 Qa5 23. Re2 Qc5 24. Red2 Ba8 25. Nf5 Re5 26. Nxh6+ gxh6 27. Qxf6 Rde8 28. d6 Re1+ 29. Kh2 Bg7 30. Qxf7+ Kh8 31. Rxe1 Rf8 32. Qxc7 Qg5 33. Rd5 Qf4+ 34. Kh1 Qxf2 35. Qe7 Qxb2 36. d7 Bxd5 37. Nxd5 1-0

[Event "Troisdorf op"]
[Site "Troisdorf"]
[Date "2001.10.30"]
[Round "2"]
[White "Eberz, Gisbert"]
[Black "Dormann, Lars"]
[Result "0-1"]
[WhiteElo "1900"]
[BlackElo "2203"]
[PlyCount "78"]
[EventDate "2001.10.??"]
[EventType "swiss"]
[EventRounds "7"]
[EventCountry "GER"]
[SourceTitle "EXT 2005"]
[Source "ChessBase"]
[SourceDate "2004.11.15"]
[SourceVersion "1"]
[SourceVersionDate "2004.11.15"]
[SourceQuality "1"]

1. e4 d6 2. d4 Nf6 3. Bd3 e5 4. c3 d5 5. dxe5 Nxe4 6. Bxe4 dxe4 7. Qa4+ Bd7 8. Qc2 Bc6 9. Ne2 Qd5 10. Bf4 Nd7 11. Nd4 Nc5 12. 0-0 Nd3 13. Bg3 0-0-0 14. Nd2 Bc5 15. N2b3 Ba4 16. Qe2 Bb6 17. Nf5 Kb8 18. Nbd4 g6 19. Ne3 Qc5 20. f3 Nxe5 21. fxe4 Nc6 22. Rxf7 Nxd4 23. cxd4 Qxd4 24. Kh1 Qxe4 25. Qc4 Bc6 26. Qxe4 Bxe4 27. Nc4 Bd5 28. Nxb6 Bxf7 29. Na4 Kc8 30. Rc1 c6 31. Nc5 Rhe8 32. b4 Rd2 33. h4 Bxa2 34. b5 b6 35. Na6 Bd5 36. Kh2 Ree2 37. Nb4 Rxg2+ 38. Kh1 Rh2+ 39. Kg1 Rh1# 0-1